The Political Philosophy of Dante Alighieri /
Gespeichert in:
| 1. Verfasser: | |
|---|---|
| Format: | Buch |
| Sprache: | Englisch |
| Schlagworte: | |
| Tags: |
Keine Tags, Fügen Sie das erste Tag hinzu!
|
MARC
| LEADER | 00000nam^a2200000^a^4500 | ||
|---|---|---|---|
| 001 | 000260703 | ||
| 005 | 20250521000000.0 | ||
| 009 | 20260310110446.183 | ||
| 037 | |a Acervo Xavier Clavigero | ||
| 041 | |a ING | ||
| 082 | |a 850. 94504 |b ROL | ||
| 100 | |a Rolbiecki, John Joseph |e (autor) | ||
| 245 | 1 | 4 | |a The Political Philosophy of Dante Alighieri / |c J.J. Rolbiecki. |
| 264 | |a Washington, EUA : |b edición de autor, |c 1921 | ||
| 300 | |a 156 p. | ||
| 336 | |a texto |b txt |2 rdacontenido | ||
| 337 | |a sin mediación |b n |2 rdamedio | ||
| 338 | |a volumen |b nc |2 rdasoporte | ||
| 545 | 0 | |a Dante Alighieri, apodado el Poeta Supremo, considerado el padre de la lengua italiana, nació en Florencia hacia 1265, perteneciente a la pequeña nobleza güelfa, aunque de familia de escasos recursos económicos. Conocido especialmente por su obra La divina comedia, escrita entre 1304 y 1321 año de su muerte; esta obra, compuesta en versos endecasílabos, que consta de un total de cien cantos, le valió el reconocimiento en vida; es considerada una de las grandes cumbres de la literatura universal y fundamental en la transición del pensamiento medieval al renacentista. Otras de sus obras son: La flor (Il Fiore), uno de sus primeros escritos; Vida nueva (Vita nuova, 1282-1293); El Convite (1304-1307); La lengua vulgar (1303-1304); y La monarquía (1313). | |
| 593 | |a Tesis de Doctorado en Filosofía, Catholic University of America | ||
| 649 | |a XX | ||
| 650 | |a Escritores Italianos | ||
| 650 | |a Iglesia y Estado | ||
| 650 | |a Estado, El | ||
| 650 | |a Derecho - |x Filosofía | ||
| 650 | |a Historia - |x Filosofía | ||
| 650 | |a Filosofía y Literatura - |z Italia - |x Historia y Crítica | ||
| 650 | |a Filosofía Política - |z Italia - |x Historia y Crítica | ||
| 650 | |a Filosofía Italiana - |x Historia y Crítica | ||
| 650 | |a Literatura y Política - |z Italia - |x Historia y Crítica | ||
| 650 | |a Literatura y Sociedad - |z Italia - |x Historia y Crítica | ||
| 650 | |a Literatura Medieval - |z Italia - |x Historia y Crítica | ||
| 650 | |a Literatura Italiana - |x Historia y Crítica | ||
| 650 | |a Literatura Italiana - |y Siglo XIV | ||
| 650 | |a Literatura Italiana - |y Hasta 1400 | ||
| 650 | |a Alighieri, Dante - |x Tema Principal | ||
| 910 | |a Fondo General | ||
| 920 | |a Impresos - Tesis Externas | ||
| 930 | |a Colección General | ||
| 940 | |a Literatura | ||
| 905 | |a 101 | ||
| 901 | |a 059651 |b IT1 |c LIT |u 20250521 | ||
| 902 | |a https://opac.biblio.iteso.mx/vufind/Record/000260703 | ||